Tào Tháo. Tập 2

Na minha lista:
Detalhes bibliográficos
Formato: Livro
Idioma:Vietnamese
Publicado em: Văn hóa 1998
Assuntos:
Tags: Adicionar Tag
Sem tags, seja o primeiro a adicionar uma tag!
Thư viện lưu trữ: Mạng thư viện Đại học Đà Nẵng
LEADER 00997nam a2200301 a 4500
001 000003697
003 00306
005 20171229145311.0
008 171229s1998 vie
040 |a LSK 
041 0 |a VIE 
082 0 |a 895.1  |b TA-H 
245 0 0 |a Tào Tháo. Tập 2  |c Tào Trọng Hoài; Dương Thu Ái và Dương Quốc Anh dịch 
260 |b Văn hóa  |c 1998 
300 |a 600 pages  |c 19 cm. 
653 |a Văn học - Trung Quốc - Tiểu thuyết lịch sử 
852 |a Phòng Đọc 
901 |a 2 
927 |a Sách tham khảo 
OWN |a LSK 
AVA |a UDN50  |b LSK  |d 895.1 TA-H  |e available  |t Error 5001 Not defined in file expand_doc_bib_avail.  |f 2  |g 0  |h N  |i 0  |k 1 
999 |a From the UDN01 
AVA |a UDN50  |b LSK  |d 895.1 TA-H  |e available  |t Error 5001 Not defined in file expand_doc_bib_avail.  |f 2  |g 0  |h N  |i 0  |k 1 
TYP |a Monograph 
TYP |a Printed language 
980 |a Mạng thư viện Đại học Đà Nẵng